00704nam a2200241Ia 4500003000900000008004100009040001300050040001300063041000800076100001700084245004200101250000900143260001200152260000900164300001100173300001000184490001200194490000700206600002500213942000700238999001700245952020000262IT-RoPAU120407s9999 xx 000 0 und d aIT-RoPAU cIT-RoPAU aita aPietro Prini aStoria dell’esistenzialismo. 2. ed. aRoma aStudium c1972 a209 p. c23 cm aCultura v42 a1. Esistenzialismo . cBK c28747d28747 00102ddc406040_54200000000000071aPAULUSbPAULUSd2012-04-11l0o040.542r2012-04-11 00:00:00w2012-04-11yBKzInserito da: Mario In data: 19 settembre 2011 fondo: Via A.Severo 56 Progr:33588